|
|
|
|
| LEADER |
00000cas a2200000 a 4500 |
| 001 |
vtls001407097 |
| 003 |
SK-MaSNL |
| 005 |
20260228160140.0 |
| 008 |
180810d190919uuxxu x 0 0 0slo d |
| 035 |
|
|
|a SNK000361746
|
| 040 |
|
|
|a SNK
|b slo
|c SNK
|e AACR2
|
| 041 |
0 |
|
|a slo
|
| 044 |
|
|
|a xxu
|c US
|
| 072 |
|
7 |
|a 796
|x Šport. Hry. Telesné cvičenia
|2 konspekt
|
| 080 |
|
|
|a 37.016:796/799
|2 2011
|
| 080 |
|
|
|a 796.034.2
|2 2011
|
| 080 |
|
|
|a 050
|2 2011
|
| 080 |
|
|
|a (051)
|2 2011
|
| 245 |
0 |
0 |
|a Sborník sokolský
|
| 246 |
3 |
3 |
|a Zborník sokolský
|
| 246 |
3 |
3 |
|a Sokolský sborník
|
| 260 |
|
|
|a New York
|b Telocvičná slovenská jednota Sokol v Spoj. štátoch Severnej ameriky
|c 1909-[19--?]
|f New Yorský denník
|
| 300 |
|
|
|a zv.
|c 26 cm
|
| 310 |
|
|
|a Periodicita neznáma
|
| 362 |
0 |
|
|a 1909-[19--?]
|
| 500 |
|
|
|a Do r. 1929 formát: 23 cm
|
| 650 |
0 |
7 |
|a telesná výchova
|2 SNKPH
|9 708
|
| 650 |
0 |
7 |
|a sokolské hnutie
|2 SNKPH
|9 74233
|
| 655 |
|
7 |
|a časopisy
|2 SNKPH
|9 76610
|
| 710 |
2 |
|
|a Telocvičná slovenská jednota Sokol (New York, N.Y.)
|4 pbl
|9 245419
|
| 910 |
|
|
|a snk
|
| 958 |
|
|
|a ONDV
|
| 999 |
|
|
|c 1697
|d 3627
|
| 952 |
|
|
|0 0
|1 0
|4 0
|7 0
|8 3
|a SNK
|b SNK
|d 2014-01-07
|i snkK 2409/74
|l 0
|o snkČSB 111/1/1909 D1
|p 17A1023050
|r 2026-02-21 19:43:51
|w 2026-02-21
|y PREZ
|
| 952 |
|
|
|0 0
|1 0
|4 0
|7 0
|8 2
|a SNK
|b SNK
|d 2012-03-05
|i snkV 1257/69
|l 0
|o snkČSB 111/5/1914 D1
|p 17A7633079
|r 2026-02-21 20:17:30
|w 2026-02-21
|y PREZ
|
| 952 |
|
|
|0 0
|1 0
|4 0
|7 0
|8 5
|a SNK
|b SNK
|d 2012-02-09
|i snkF 1861/79
|l 0
|o snkČSB 111/4/1913 D2
|p 17A0887176
|r 2026-02-21 20:40:32
|w 2026-02-21
|y PREZ
|
| 952 |
|
|
|0 0
|1 0
|4 0
|7 0
|8 5
|a SNK
|b SNK
|d 2012-02-09
|i snkF 1063/88
|l 0
|o snkČSB 111/3/1912 D2
|p 17A0887175
|r 2026-02-21 20:40:32
|w 2026-02-21
|y PREZ
|
| 952 |
|
|
|0 0
|1 0
|4 0
|7 0
|a SNK
|b SNK
|d 2001-02-12
|l 0
|o snkČSB 111/1/1909
|p 17A0268842
|r 2005-01-02 00:00:00
|w 2026-02-21
|y PREZ
|
| 952 |
|
|
|0 0
|1 0
|4 0
|7 0
|a SNK
|b SNK
|d 2025-04-23
|i snk1906/27
|l 0
|o snkČSB 111/4/1913
|p 17A0712179
|r 2026-02-21 21:21:39
|t Kniha č. 5
|w 2026-02-21
|y PREZ
|z Kniha č. 5
|
| 952 |
|
|
|0 0
|1 0
|4 0
|7 0
|8 3
|a SNK
|b SNK
|d 2025-04-23
|i snkK 2463/64
|l 0
|o snkČSB 111/4/1913 D1
|p 17A0712178
|r 2026-02-21 21:21:39
|t Kniha č. 5
|w 2026-02-21
|y PREZ
|z Kniha č. 5
|
| 952 |
|
|
|0 0
|1 0
|4 0
|7 0
|a SNK
|b SNK
|d 2025-04-23
|i snk3090/29
|l 0
|o snkČSB 111/1919
|p 17A0712175
|r 2026-02-21 21:21:39
|t Rok 1919
|w 2026-02-21
|y PREZ
|z Rok 1919
|
| 952 |
|
|
|0 0
|1 0
|4 0
|7 0
|a SNK
|b SNK
|d 2025-04-23
|i snkK 2464/64
|l 0
|o snkČSB 111/1919 D1
|p 17A0712176
|r 2026-02-21 21:21:39
|t Rok 1919
|w 2026-02-21
|y PREZ
|z Rok 1919
|